| 000 | 00319nam a2200109 4500 | ||
|---|---|---|---|
| 999 |
_c10551 _d10551 |
||
| 008 | 180905b ||||| |||| 00| 0 eng d | ||
| 245 | _aGov't ICT neglected for past 2 decades. | ||
| 260 |
_aPhilippines _bThe Philippine Star _cc2016 |
||
| 300 | _apage B-10. | ||
| 650 | 0 |
_930930 _aInformation technology. |
|
| 942 |
_2ddc _cPER |
||